000 00499nam a2200181Ia 4500
001 9283
005 20260306161707.0
008 260306t2001||||xx |||||||||||||| ||spa||
041 _aESP
082 _a378.07
_bB133
100 _aBenne, Robert
_eAUT
245 0 _aQuality with soul:
_bhow six premier colleges and universities keep faith with their religious traditions
260 _c2001
300 _axii, 217 páginas :
_c23 cm.
650 _aGEN
654 _aCED
942 _cLIB
_dJUS
_fJUS
_2ddc
_n
999 _c9283
_d9283